|
|
|
|
| LEADER |
00000nas a2200000 a 4500 |
| 001 |
ssj0000704089 |
| 003 |
WaSeSS |
| 005 |
20200512172242.0 |
| 006 |
m d |
| 007 |
cr n |
| 008 |
091022c19999999xv fr p s 0 0slv c |
| 010 |
|
|
|a 2012260175
|
| 022 |
|
|
|a 1854-3081
|l 1580-0814
|
| 035 |
|
|
|a (WaSeSS)ssj0000704089
|
| 040 |
|
|
|a OCLCS
|b eng
|c OCLCS
|d OCLCS
|d OCLCQ
|d ORU
|d SERSO
|d OCLCA
|d OCLCF
|d OCLCQ
|d OCLCO
|d CUS
|d OCLCQ
|d OCLCA
|d WaSeSS
|
| 041 |
0 |
|
|a slv
|a eng
|b slv
|b eng
|f slv
|f eng
|
| 042 |
|
|
|a pcc
|
| 043 |
|
|
|a e-xv---
|
| 050 |
1 |
4 |
|a QH320.S57
|b N38
|
| 222 |
|
0 |
|a Natura Sloveniae
|b (Spletna izd.)
|
| 245 |
0 |
0 |
|a Natura Sloveniae
|h [electronic resource].
|
| 246 |
3 |
0 |
|a Revija za terensko biologijo
|
| 246 |
3 |
1 |
|a Journal of field biology
|
| 260 |
|
|
|a Ljubljana :
|b Zveza za tehnično kulturo Slovenije
|
| 310 |
|
|
|a Semiannual
|
| 362 |
1 |
|
|a Began with: Letnik 1, številka 1 (1999).
|
| 506 |
|
|
|a License restrictions may limit access.
|
| 546 |
|
|
|a In Slovenian or English with summaries and tables of contents in Slovenian and English.
|
| 588 |
|
|
|a Description based on: Letnik 1, številka 1 (1999); title from running title of PDF (publisher's Web site, viewed December 10, 2012).
|
| 588 |
|
|
|a Latest issue consulted: Letnik 14, številka 1 (2012) (publisher's Web site, viewed December 10, 2012).
|
| 650 |
|
0 |
|a Biology
|x Fieldwork
|z Slovenia
|v Periodicals.
|
| 650 |
|
0 |
|a Natural history
|z Slovenia
|v Periodicals.
|
| 650 |
|
7 |
|a Biology
|x Fieldwork.
|2 fast
|0 (OCoLC)fst01715645
|
| 650 |
|
7 |
|a Natural history.
|2 fast
|0 (OCoLC)fst01034268
|
| 651 |
|
7 |
|a Slovenia.
|2 fast
|0 (OCoLC)fst01212712
|
| 655 |
|
0 |
|a Electronic journals.
|
| 710 |
2 |
|
|a Zveza za tehnično kulturo Slovenije.
|
| 710 |
2 |
|
|a Univerza v Ljubljani.
|b Biotehniška fakulteta.
|
| 710 |
2 |
|
|a Nacionalni inštitut za biologijo (Slovenia)
|
| 776 |
0 |
8 |
|i Print version:
|t Natura Sloveniae
|x 1580-0814
|w (OCoLC)51209223
|
| 856 |
4 |
0 |
|z Full text available from Research Library: 07/01/2010 to present
|u https://search.proquest.com/publication/556336
|